Agricultural trade policy and livelihood impact: a study of oil seeds (Record no. 502408)

000 -LEADER
fixed length control field 00641cam a22001697a 4500
008 - FIXED-LENGTH DATA ELEMENTS--GENERAL INFORMATION
fixed length control field 180718b2011 xxu||||| |||| 00| 0 eng d
082 ## - DEWEY DECIMAL CLASSIFICATION NUMBER
Classification number APPPA 2010-11/SHA
100 ## - MAIN ENTRY--PERSONAL NAME
Personal name Mamta Shankar
245 ## - TITLE STATEMENT
Title Agricultural trade policy and livelihood impact: a study of oil seeds
Statement of responsibility, etc. by Mamta Shankar
260 ## - PUBLICATION, DISTRIBUTION, ETC.
Place of publication, distribution, etc. New Delhi
Name of publisher, distributor, etc. Indian Institute of Public Administration
Date of publication, distribution, etc. 2011
300 ## - PHYSICAL DESCRIPTION
Extent 119p.
500 ## - GENERAL NOTE
General note An APPPA M.Phil dissertation, 2010-11 (Guide: Prof. Anil C. Ittyerah)
650 ## - SUBJECT ADDED ENTRY--TOPICAL TERM
Topical term or geographic name entry element Soy oil industry --India
650 ## - SUBJECT ADDED ENTRY--TOPICAL TERM
Topical term or geographic name entry element Linseed oil industry --India
650 ## - SUBJECT ADDED ENTRY--TOPICAL TERM
Topical term or geographic name entry element Vegetable oil industry --India
650 ## - SUBJECT ADDED ENTRY--TOPICAL TERM
Topical term or geographic name entry element Seed industry and trade --India
Holdings
Withdrawn status Lost status Damaged status Not for loan Permanent Location Current Location Date acquired Full call number Barcode Date last seen Price effective from Koha item type
        Indian Institute of Public Administration Indian Institute of Public Administration 2018-08-04 APPPA 2010-11/SHA GR19725 2018-08-04 2018-08-04 GR
        Indian Institute of Public Administration Indian Institute of Public Administration 2018-08-04 APPPA 2010-11/SHA GR18634 2018-08-04 2018-08-04 GR

Powered by Koha